|
|
|
|
| LEADER |
00000nam0a2200000 4500 |
| 001 |
193293 |
| 005 |
20240219103617.0 |
| 035 |
|
|
|a (RuTPU)RU\TPU\book\210810
|
| 090 |
|
|
|a 193293
|
| 100 |
|
|
|a 20110322d2010 m y0rusy50 ca
|
| 101 |
0 |
|
|a rus
|
| 102 |
|
|
|a RU
|
| 105 |
|
|
|a y j 001zy
|
| 200 |
1 |
|
|a Планирование и организация эксперимента
|e учебное пособие для вузов
|f Е. И. Короткова
|g Национальный исследовательский Томский политехнический университет (ТПУ)
|
| 210 |
|
|
|a Томск
|c Изд-во ТПУ
|d 2010
|
| 215 |
|
|
|a 122 с.
|c ил.
|
| 320 |
|
|
|a Библиогр.: с. 117.
|
| 330 |
|
|
|a В пособии кратко изложены основные методы планирования и организации эксперимента. В доступной форме даны основы методов математической статистики, применяемые для обработки результатов эксперимента. Приведены примеры использования планирования эксперимента в химии и химической технологии. Включены необходимые справочные материалы (статистические таблицы). Предназначено для студентов старших курсов химических специальностей.
|
| 452 |
|
1 |
|0 (RuTPU)RU\TPU\book\215292
|t Планирование и организация эксперимента
|o учебное пособие
|f Е. И. Короткова
|g Национальный исследовательский Томский политехнический университет (ТПУ)
|c Томск
|n Изд-во ТПУ
|d 2010
|a Короткова, Елена Ивановна
|
| 606 |
1 |
|
|a Химический эксперимент
|x Планирование и организация
|2 stltpush
|3 (RuTPU)RU\TPU\subj\72787
|9 86181
|
| 606 |
1 |
|
|a Химический эксперимент
|x Планирование
|x Математические методы
|2 stltpush
|3 (RuTPU)RU\TPU\subj\30855
|
| 610 |
1 |
|
|a дисперсионный анализ
|
| 610 |
1 |
|
|a латинские квадраты
|
| 610 |
1 |
|
|a корреляционный анализ
|
| 610 |
1 |
|
|a регрессионный анализ
|
| 610 |
1 |
|
|a активные эксперименты
|
| 610 |
1 |
|
|a факторные эксперименты
|
| 610 |
1 |
|
|a оптимальные условия
|
| 610 |
1 |
|
|a симплексные методы
|
| 610 |
1 |
|
|a поверхности отклика
|
| 610 |
1 |
|
|a матрицы
|
| 610 |
1 |
|
|a учебные пособия
|
| 610 |
1 |
|
|a труды учёных ТПУ
|
| 675 |
|
|
|a 542(075.8)
|v 3
|
| 675 |
|
|
|a 66.011.891(075.8)
|v 3
|
| 700 |
|
1 |
|a Короткова
|b Е. И.
|c химик
|c профессор Томского политехнического университета, доктор химических наук
|f 1965-
|g Елена Ивановна
|3 (RuTPU)RU\TPU\pers\27109
|9 12659
|
| 712 |
0 |
2 |
|a Национальный исследовательский Томский политехнический университет (ТПУ)
|c (2009- )
|3 (RuTPU)RU\TPU\col\15902
|
| 801 |
|
1 |
|a RU
|b 63413507
|c 20110322
|
| 801 |
|
2 |
|a RU
|b 63413507
|c 20220808
|g RCR
|
| 942 |
|
|
|c BK
|